Language Quiz

Random Language or Country Quiz

Country-Language Match-Up II Quiz Stats

 Plays Quiz not verified by Sporcle

Challenge
Share
Tweet
Embed
Score 0/26 Timer 06:00
0 Plays Today
% Correct
Belarus
95.7%
Denmark
95.4%
Malta
93.8%
Luxembourg
91.9%
Myanmar
90.3%
Iran
90%
Bosnia and Herzegovina
88.4%
Bangladesh
86.8%
Lesotho
86.8%
Azerbaijan
86.3%
Thailand
85.7%
Haiti
80.9%
Pakistan
77.4%
% Correct
Switzerland
76.8%
São Tomé and Príncipe
72%
Uganda
67.4%
Suriname
65.2%
Ethiopia
63.9%
Equatorial Guinea
60.9%
Malaysia
60.4%
Burundi
53.1%
Kiribati
51.2%
Papua New Guinea
51.2%
Maldives
44.2%
Eritrea
42.6%
Vanuatu
25.3%

You're not logged in!

Compare scores with friends on all Sporcle quizzes.
OR
Log In

You Might Also Like...

Show Comments

Extras

Top Quizzes Today


Score Distribution

Your Account Isn't Verified!

In order to create a playlist on Sporcle, you need to verify the email address you used during registration. Go to your Sporcle Settings to finish the process.

Report this User

Report this user for behavior that violates our Community Guidelines.

Details: